| 000 | 01967nam a22003495i 4500 | ||
|---|---|---|---|
| 999 |
_c29025 _d28996 |
||
| 003 | EG-ScBUE | ||
| 005 | 20201112144543.0 | ||
| 008 | 200219s2012 cc ab f b 000 0 chi d | ||
| 020 | _a9787301046784 | ||
| 040 |
_aEG-ScBUE _beng _erda _cEG-ScBUE _dEG-ScBUE |
||
| 041 | 0 |
_achi _aeng |
|
| 082 | 0 | 4 |
_a495.182421 _bGUA _222 |
| 100 | 1 |
_aGuan, Daoxiong, _eauthor. |
|
| 245 | 1 | 0 |
_a基礎實用商務漢語 = _bJi chu shi yong shang wu han yu / _c關道雄 = A practical business Chinese reader / Daoxiong Guan. |
| 246 | 3 | 1 | _aJi chu shi yong shang wu han yu |
| 246 | 3 | 1 | _aPractical business Chinese reader |
| 250 |
_a第7版 = _bSeven edition = Di 7 ban. |
||
| 250 |
_a修订版 = _bRevised edition. |
||
| 264 | 1 |
_aBeijing : _bPeking University Press, _c2012. |
|
| 264 | 1 |
_a北京 : _b北京 大學 出版社, _c2012. |
|
| 300 |
_axii, 311 pages : _billustrations, map ; _c24 cm. |
||
| 336 |
_atext _btxt _2rdacontent |
||
| 337 |
_aunmediated _bn _2rdamedia |
||
| 338 |
_avolume _bnc _2rdacarrier |
||
| 490 | 0 |
_a对外 汉语 敎材 系列 = _aDui wai Han yu jiao cai xi lie = _aChinese as a foreign language textbook series |
|
| 520 | _aSimplified Characters edition. This text book aims to teach business Chinese fluency through typical business activities and business-related social events in the real business world. The course follows the interactions of an American business delegation in China, providing a fun and informative framework for adult learners. Designed for those who have completed at least one year to one and a half years of Chinese study at the college level and have gained a good knowledge of basic grammar in modern Chinese as well as around a 1,000-word vocabulary in Chinese. | ||
| 546 | _aText in Chinese and English. | ||
| 650 | 7 |
_aChinese language _vTextbooks for foreign speakers _xEnglish. _2BUEsh |
|
| 650 | 7 |
_aChinese language _xStudy and teaching _xForeign speakers. _2BUEsh |
|
| 653 |
_bHHUUCCHH _cNovember2020 |
||
| 942 |
_2ddc _cBB |
||